European Football's Top Trio's 2015/16 - Statistics

General Stats
  • This quiz has been taken 84 times
    72 since last reset
  • The average score is 28 of 100
Answer Stats
% Correct
A Spanish Club FC Barcelona 90
93%
Another Spanish Club Real Madrid 78
90%
A Spanish Club Lionel Messi 26
88%
A Spanish Club Luis Suárez 40
88%
A Spanish Club Neymar 24
88%
Another Spanish Club Cristiano Ronaldo 35
81%
Another Spanish Club Karim Benzema 24
79%
English Team Again Manchester City 39
79%
A French Club Paris Saint-Germain 67
79%
A Dutch Team AFC Ajax 45
74%
Another Spanish Club Gareth Bale 19
74%
A French Club Zlatan Ibrahimovic 38
69%
A German Club Bayern Munich 54
67%
A Portugese Club SL Benfica 60
67%
A French Club Edinson Cavani 19
64%
An Italian Side Juventus 37
64%
A Club From The Netherlands PSV 47
64%
A German Club Robert Lewandowski 30
60%
English Team Again Sergio Agüero 24
57%
Another Portugese Club Sporting CP 46
50%
Another English Club Tottenham 41
50%
A Club From England Leicester City 47
48%
Another French Team Olympique Lyon 37
48%
A German Club Thomas Muller 20
48%
Another German Side Borussia Dortmund 48
45%
A Club From Italy SSC Napoli 55
45%
Spanish Side Atlético Madrid 38
43%
A Club From England James Vardy 24
43%
Another Portugese Club Adrien Silva 8
40%
A French Club Ángel di María 10
40%
Turkish Club Besiktas 43
40%
Another Turkish Club Fenerbahce 37
40%
A Club From England Riyad Mahrez 17
40%
Dutchies again Feyenoord 41
38%
English Team Again Kevin de Bruyne 7
38%
Ukrainian Side Shakhtar Donetsk 42
38%
Another English Club Harry Kane 25
36%
An Italian Side Paulo Dybala 20
31%
Another French Team Alexandre Lacazette 21
29%
Spanish Side Antoine Griezmann 22
29%
Another English Club Dele Alli 10
29%
Another German Side Marco Reus 12
29%
Russian team Zenit 40
29%
Another German Side Pierre-Emerick Aubameyang 25
26%
Russian team Hulk 17
21%
A Portugese Club Jonas 32
21%
A Club From England Leonardo Ulloa 6
21%
A Club From Italy Lorenzo Insigne 12
21%
A Club From The Netherlands Luuk de Jong 26
21%
Another Turkish Club Robin van Persie 16
21%
Another Dutch Team AZ Alkmaar 43
19%
A Club From Italy Gonzalo Higuaín 36
17%
Another Portugese Club Islam Slimani 27
17%
Another English Club Christian Eriksen 6
14%
An Italian Side Mario Mandzukic 10
14%
An Italian Side Paul Pogba 8
14%
A Dutch Team Arkadiusz Milik 21
10%
Dutchies again Dirk Kuyt 19
10%
Spanish Side Fernando Torres 11
10%
A Club From Italy José Callejón 7
10%
English Team Again Kelechi Iheanacho 8
10%
Spanish Side Koke 5
10%
Ukrainian Side Alex Teixeira 22
7%
A German Club Arturo Vidal 4
7%
A Russian Club Krasnodar 35
7%
Ukrainian Side Marlos 8
7%
Another Turkish Club Nani 8
7%
Another Dutch Team Vincent Janssen 27
7%
Russian team Artem Dzyuba 15
5%
Another Turkish Club Fernandão 13
5%
A Portugese Club Konstantinos Mitroglu 20
5%
Turkish Club Mario Gómez 26
5%
Another French Team Maxwel Cornet 8
5%
Another French Team Rachid Ghezzal 8
5%
Turkish Club Cenk Tosun 8
2%
A Dutch Team Davy Klaassen 13
2%
Dutch Team FC Utrecht 35
2%
A Russian Club Fedor Smolov 20
2%
A Club From The Netherlands Gastón Pereiro 11
2%
Another German Side Henrikh Mkhitaryan 11
2%
A French Side OGC Nice 37
2%
A Portugese Club Pizzi 8
2%
A French Side Alassane Pléa 6
0%
A Dutch Team Anwar El-Ghazi 11
0%
A Russian Club Ari 5
0%
A Club From The Netherlands Davy Pröpper 10
0%
Ukrainian Side Eduardo 12
0%
Dutchies again Eljero Elia 8
0%
A French Side Hatem Ben Arfa 17
0%
Another Dutch Team Joris van Overeem 4
0%
Another Dutch Team Markus Henriksen 12
0%
Dutchies again Michiel Kramer 14
0%
Dutch Team Nacer Barazite 8
0%
Turkish Club Oguzhan Özyakup 9
0%
Russian team Oleg Shatov 8
0%
A Russian Club Pavel Mamaev 10
0%
Dutch Team Ruud Boymans 10
0%
Dutch Team Sébastien Haller 17
0%
Another Portugese Club Teófilo Gutiérrez 11
0%
A French Side Valère Germain 14
0%
No matching quizzes found
Score Distribution
Percent of People with Each Score
Percentile by Number Answered
Your Score History
You have not taken this quiz since the last reset